| 000 | 00747nam a22002297a 4500 | ||
|---|---|---|---|
| 003 | SISC | ||
| 005 | 20180724150330.0 | ||
| 008 | 180724b xxu||||| |||| 00| 0 eng d | ||
| 020 | _a9780451530684 | ||
| 050 |
_aPA 4025 _b.H767 2007 |
||
| 100 | _aHomer | ||
| 245 |
_aThe Odyssey : _bthe story of Odysseus / _cHomer ; translated by W. H. D. Rouse; with a new introduction by Deborah Steiner. |
||
| 260 |
_aNew York : _bSignet Classics, _cc2007 |
||
| 300 |
_axxiii, 344 pages ; _c18 cm. |
||
| 500 | _aIncludes index. | ||
| 650 |
_aEpic poetry, Greek _xTranslations into English |
||
| 650 |
_aOdysseus (Greek mythology) _vPoetry |
||
| 700 |
_aRouse, W. H. D. _etranslator |
||
| 700 | _aSteiner, Deborah | ||
| 942 |
_2lcc _cBK |
||
| 999 |
_c358169 _d358169 |
||